[Event "Preferente Aragonesa Grupo B"]
[Site "Aragon"]
[Date "2017.03.11"]
[Round "7.57"]
[White "Lopez Caudevilla, David"]
[Black "Sanchez Herrera, Miguel"]
[Result "1-0"]
[WhiteElo "2073"]
[BlackElo "2124"]
[PlyCount "65"]
[EventDate "2017.01.28"]
[WhiteTeam "Actur Rey Fernando"]
[BlackTeam "St. Casablanca D"]

1. e4 c5 2. Nc3 Nc6 3. g3 g6 4. Bg2 Bg7 5. f4 d6 6. Nf3 e6 7. O-O Nge7 8. d3
O-O 9. Be3 Rb8 10. Qd2 b6 11. Rad1 d5 12. Bf2 d4 13. Ne2 e5 14. c3 dxc3 15.
bxc3 Qc7 16. fxe5 Nxe5 17. Nxe5 Bxe5 18. d4 Rd8 19. Qb2 Bg7 20. Be3 cxd4 21.
cxd4 Qc4 22. Rc1 Qa4 23. Nc3 Qd7 24. Qf2 Nc6 25. Nd5 Kh8 26. Qxf7 Nxd4 27. Rc7
Qxf7 28. Rfxf7 Ne6 29. Rxa7 b5 30. Bh3 Rg8 31. Rae7 Ng5 32. Bxg5 Bxh3 33. Bf6
1-0

[Event "Preferente Aragonesa Grupo B"]
[Site "Aragon"]
[Date "2017.03.11"]
[Round "7.58"]
[White "Cebollada Pacheco, Jesus Raul"]
[Black "Serrano San Nicolas, Angel"]
[Result "1/2-1/2"]
[WhiteElo "2061"]
[BlackElo "2000"]
[PlyCount "45"]
[EventDate "2017.01.28"]
[WhiteTeam "St. Casablanca D"]
[BlackTeam "Actur Rey Fernando"]

1. e4 d5 2. exd5 Qxd5 3. Nc3 Qd6 4. Nf3 Nf6 5. Nb5 Qb6 6. d4 c6 7. Na3 Bg4 8.
Nc4 Qc7 9. h3 Bh5 10. Be2 Nbd7 11. Nfe5 Nxe5 12. dxe5 Rd8 13. Nd6+ exd6 14.
exf6 Bg6 15. Qd4 gxf6 16. Qxf6 Rg8 17. Bg5 Be7 18. Qxe7+ Qxe7 19. Bxe7 Kxe7 20.
O-O-O Kd7 21. Bg4+ Kc7 22. Rhe1 Rge8 23. Bf3 1/2-1/2

[Event "Preferente Aragonesa Grupo B"]
[Site "Aragon"]
[Date "2017.03.11"]
[Round "7.59"]
[White "Aviol Perez, Jose Mariano"]
[Black "Garcia Andres, Daniel"]
[Result "1-0"]
[WhiteElo "1842"]
[BlackElo "2007"]
[PlyCount "105"]
[EventDate "2017.01.28"]
[WhiteTeam "Actur Rey Fernando"]
[BlackTeam "St. Casablanca D"]

1. d4 c5 2. d5 e5 3. dxe6 fxe6 4. c4 Nf6 5. Nc3 d5 6. cxd5 exd5 7. e4 d4 8. e5
Qe7 9. Qe2 Ng4 10. Nd5 Qf7 11. e6 Bxe6 12. Nf3 Kd7 13. Ng5 Qxf2+ 14. Qxf2 Nxf2
15. Nxe6 Nxh1 16. Nec7 Bd6 17. Nxa8 Re8+ 18. Kd2 Nc6 19. Be2 Rxa8 20. Bg4+ Kd8
21. Ke2 h6 22. Bf4 Bxf4 23. Nxf4 Ke7 24. Rxh1 Ne5 25. Bf3 Kd6 26. Nd3 Nc4 27.
b3 Ne3 28. Bxb7 Re8 29. Kd2 a5 30. Rc1 Rf8 31. Rxc5 Nf1+ 32. Kc1 Ne3 33. Bf3 g5
34. h3 h5 35. Rxg5 Rc8+ 36. Kb2 Rc2+ 37. Kb1 Rd2 38. Rg6+ Ke7 39. Nf4 Nc2 40.
Nd5+ Kd8 41. Rd6+ Ke8 42. Kc1 Rf2 43. Re6+ Kf7 44. Rf6+ Kg7 45. Be4 Rxf6 46.
Nxf6 Nb4 47. Nxh5+ Kh6 48. Nf4 Nxa2+ 49. Kd2 Nc3 50. Bc2 Kg5 51. Ne6+ Kh4 52.
Nxd4 Nd5 53. Nc6 1-0

[Event "Preferente Aragonesa Grupo B"]
[Site "Aragon"]
[Date "2017.03.11"]
[Round "7.60"]
[White "Abad Vinas, Jesus Manuel"]
[Black "Arbiol Val, Sergio"]
[Result "1-0"]
[WhiteElo "1760"]
[BlackElo "1653"]
[PlyCount "81"]
[EventDate "2017.01.28"]
[WhiteTeam "St. Casablanca D"]
[BlackTeam "Actur Rey Fernando"]

1. c4 e5 2. Nc3 Nc6 3. g3 Bc5 4. Bg2 d6 5. e3 f5 6. Nge2 Nf6 7. O-O O-O 8. a3
Qe8 9. Nd5 Nxd5 10. cxd5 Ne7 11. d4 Bb6 12. dxe5 dxe5 13. Bd2 Bd7 14. a4 Rd8
15. Qc2 Rf6 16. a5 Bb5 17. Rfe1 Nxd5 18. axb6 Nxb6 19. Ba5 Bc6 20. Bxb6 axb6
21. Bxc6 Rxc6 22. Qxf5 Rd2 23. Rad1 Rxb2 24. Qg5 Rf6 25. Qg4 Qf8 26. Qc4+ Rf7
27. Rd7 b5 28. Qd5 c6 29. Qe6 b4 30. Rc7 Rd2 31. Rxb7 Rd6 32. Qc4 Rdf6 33. f4
exf4 34. Nxf4 Kh8 35. Rxf7 Rxf7 36. Qxc6 Qd8 37. Ra1 Rd7 38. Ra8 Rd1+ 39. Kf2
Rd2+ 40. Kf3 b3 41. Qe8+ 1-0

[Event "Preferente Aragonesa Grupo B"]
[Site "Aragon"]
[Date "2017.03.11"]
[Round "7.61"]
[White "Mimbela Lopez, Miguel A"]
[Black "Fernandez Rubio, Rafael"]
[Result "0-1"]
[WhiteElo "2146"]
[BlackElo "2079"]
[PlyCount "52"]
[EventDate "2017.01.28"]
[WhiteTeam "Agrupacion B"]
[BlackTeam "Tauste"]

1. e4 d6 2. d4 Nf6 3. Nc3 Nbd7 4. Bc4 e5 5. Nf3 Be7 6. O-O O-O 7. Qe2 c6 8. a4
b6 9. Rd1 Qc7 10. h3 a6 11. Ba2 Bb7 12. Nh4 exd4 13. Rxd4 Rfe8 14. Nf5 d5 15.
Qf3 Bc5 16. Bf4 Ne5 17. Qg3 Nh5 18. Qg5 g6 19. Nh6+ Kg7 20. Rd3 Bxf2+ 21. Kh1
f6 22. Nf5+ Kh8 23. Qh6 Bc5 24. Ng3 Bf8 25. Bxe5 Qxe5 26. Qe3 d4 0-1

[Event "Preferente Aragonesa Grupo B"]
[Site "Aragon"]
[Date "2017.03.11"]
[Round "7.62"]
[White "Sancho Casale, Jesus"]
[Black "Martinez Asensio, Juan Miguel"]
[Result "1/2-1/2"]
[WhiteElo "1981"]
[BlackElo "2032"]
[PlyCount "112"]
[EventDate "2017.01.28"]
[WhiteTeam "Tauste"]
[BlackTeam "Agrupacion B"]

1. Nf3 g6 2. e4 c5 3. d4 cxd4 4. Nxd4 Nc6 5. c4 Nf6 6. Nc3 d6 7. Be2 Nxd4 8.
Qxd4 Bg7 9. O-O O-O 10. Rd1 Be6 11. Qe3 Qb6 12. Qxb6 axb6 13. Be3 Rfc8 14. Nd5
Nxd5 15. exd5 Bf5 16. g4 Bc2 17. Rd2 Bb3 18. a3 Bxc4 19. Bxb6 Bh6 20. Be3 Bxe3
21. fxe3 Bxe2 22. Rxe2 g5 23. Rd1 Ra4 24. h3 Kg7 25. Kg2 b5 26. Rd3 b4 27. Rd4
Rb8 28. Re1 Ra5 29. axb4 Rab5 30. Re2 Rxb4 31. Rdd2 Kg6 32. Kg3 f5 33. Rf2 fxg4
34. hxg4 Re4 35. Kf3 Rbb4 36. Rg2 h5 37. gxh5+ Kxh5 38. Rge2 g4+ 39. Kf2 Kg5
40. Rd4 Kf5 41. Red2 Rexd4 42. exd4 Rb3 43. Re2 Kf4 44. Rxe7 Rxb2+ 45. Kg1 Kf3
46. Rf7+ Kg3 47. Kf1 Rb1+ 48. Ke2 Kg2 49. Rf6 Rb6 50. Ke3 g3 51. Ke2 Kg1 52.
Rg6 g2 53. Rh6 Rb2+ 54. Ke1 Rb1+ 55. Ke2 Rb2+ 56. Ke1 Rb1+ 1/2-1/2

[Event "Preferente Aragonesa Grupo B"]
[Site "Aragon"]
[Date "2017.03.11"]
[Round "7.63"]
[White "Carruez Berges, Santiago"]
[Black "Vera Jimenez, Andres"]
[Result "0-1"]
[WhiteElo "2030"]
[BlackElo "1947"]
[PlyCount "102"]
[EventDate "2017.01.28"]
[WhiteTeam "Agrupacion B"]
[BlackTeam "Tauste"]

1. e4 d6 2. d4 Nf6 3. Nc3 e5 4. dxe5 dxe5 5. Qxd8+ Kxd8 6. Nf3 Bd6 7. Be3 Ke7
8. O-O-O h6 9. h3 Be6 10. Nd2 Nc6 11. Nc4 Rad8 12. Nxd6 cxd6 13. Be2 a6 14. Bf3
b5 15. Rhe1 Rc8 16. Rd2 Rhd8 17. Nd5+ Bxd5 18. exd5 Nb8 19. Bb6 Re8 20. g4 Nbd7
21. Be3 Kf8 22. g5 hxg5 23. Bxg5 Nb6 24. Bxf6 gxf6 25. Be4 Ke7 26. Rd3 Rc4 27.
b3 Rc5 28. Kd2 f5 29. Bxf5 Nxd5 30. Rg3 Kf6 31. Bg4 Nf4 32. Rc3 Rxc3 33. Kxc3
d5 34. Kb4 e4 35. Kc5 Ke5 36. Bd7 Re7 37. Kc6 f5 38. Bc8 a5 39. Ba6 b4 40. Bf1
Ne6 41. Kb6 Nd4 42. Rc1 f4 43. Kxa5 Ra7+ 44. Kxb4 Rxa2 45. Kc3 Ra8 46. Kd2 Nf3+
47. Kd1 Ra2 48. Be2 Nd4 49. Bf1 f3 50. b4 Rb2 51. c3 Nb3 0-1

[Event "Preferente Aragonesa Grupo B"]
[Site "Aragon"]
[Date "2017.03.11"]
[Round "7.64"]
[White "Muro Turon, Raul"]
[Black "Garcia Morales, Roberto"]
[Result "0-1"]
[WhiteElo "1935"]
[BlackElo "2005"]
[PlyCount "78"]
[EventDate "2017.01.28"]
[WhiteTeam "Tauste"]
[BlackTeam "Agrupacion B"]

1. e4 c6 2. d4 d5 3. f3 e6 4. Nc3 Bb4 5. a3 Ba5 6. b4 Bc7 7. Be3 a5 8. b5 a4 9.
Qd2 Qe7 10. Bd3 Nf6 11. e5 Nfd7 12. Nce2 c5 13. c3 c4 14. Bc2 Nb6 15. f4 Ra5
16. Nf3 Rxb5 17. O-O g6 18. g4 h5 19. gxh5 Rxh5 20. Ng3 Rh8 21. f5 gxf5 22. Bg5
Qf8 23. Bf6 Rg8 24. Rae1 Rb2 25. Kh1 Rg6 26. Re2 Qh6 27. Bg5 Qh3 28. Qc1 Rb5
29. Nh4 Rg8 30. Nhxf5 exf5 31. e6 Bxg3 32. exf7+ Kxf7 33. Re7+ Kf8 34. Re2 Rxg5
35. Rf3 Bxh2 36. Rxh3 Rg1+ 37. Kxh2 Rxc1 38. Rh8+ Kg7 39. Rhe8 Rb2 0-1

[Event "Preferente Aragonesa Grupo B"]
[Site "Aragon"]
[Date "2017.03.11"]
[Round "7.65"]
[White "Cajo Esteban, Ruben"]
[Black "Sacristan Latorre, Alberto"]
[Result "1-0"]
[WhiteElo "1867"]
[BlackElo "2075"]
[PlyCount "83"]
[EventDate "2017.01.28"]
[WhiteTeam "Dr. Azua"]
[BlackTeam "Palacio de Pioneros B"]

1. d4 Nf6 2. Nf3 g6 3. c4 Bg7 4. Nc3 O-O 5. e4 d6 6. h3 Nbd7 7. Bg5 h6 8. Be3
e5 9. d5 a5 10. g4 Nc5 11. Nd2 Ne8 12. h4 f5 13. gxf5 gxf5 14. Qe2 f4 15. Bxc5
dxc5 16. O-O-O Qf6 17. Bh3 Nd6 18. Bxc8 Raxc8 19. h5 Qe7 20. Rdg1 Rf6 21. Rg4
Rcf8 22. Rhg1 Ne8 23. Nf3 Kh7 24. Nh4 f3 25. Qe3 Rf4 26. Ng6 Rxg4 27. Rxg4 Qf7
28. Nxf8+ Bxf8 29. Rg3 Be7 30. Qxf3 Bg5+ 31. Kc2 Bf4 32. Rg2 Nf6 33. Ne2 Nxh5
34. Rh2 Ng7 35. Nxf4 exf4 36. Rh4 h5 37. Qxf4 Qd7 38. Qf3 b5 39. Rxh5+ Kg6 40.
Qh3 Qe8 41. Qg4+ Kf7 42. Rg5 1-0

[Event "Preferente Aragonesa Grupo B"]
[Site "Aragon"]
[Date "2017.03.11"]
[Round "7.66"]
[White "Colom Sienes, Eduardo"]
[Black "Solera Sanchez, Roberto"]
[Result "1/2-1/2"]
[WhiteElo "2061"]
[BlackElo "1822"]
[PlyCount "108"]
[EventDate "2017.01.28"]
[WhiteTeam "Palacio de Pioneros B"]
[BlackTeam "Dr. Azua"]

1. e4 e6 2. d4 d5 3. Nc3 Bb4 4. Nge2 dxe4 5. a3 Be7 6. g4 Nd7 7. Bg2 Ngf6 8. g5
Nd5 9. Nxe4 f5 10. gxf6 N5xf6 11. Nf4 Nf8 12. Nc3 c6 13. O-O Qc7 14. a4 Bd7 15.
a5 Bd6 16. Qf3 Ng6 17. Nxe6 Bxe6 18. Re1 O-O 19. Rxe6 Bxh2+ 20. Kh1 Nh4 21. Qh3
Nxg2 22. Qxh2 Qxh2+ 23. Kxh2 Nh4 24. Be3 Nf5 25. a6 b6 26. Re1 Rac8 27. Kg1 Nh4
28. Rd1 Kf7 29. d5 cxd5 30. Rd6 Nf5 31. Nb5 Nxd6 32. Nxd6+ Kg8 33. Nxc8 Rxc8
34. c3 h6 35. Bd4 Ne4 36. Re1 Kf7 37. f3 Nc5 38. b4 Nxa6 39. Ra1 Nc7 40. Rxa7
Ke6 41. Rb7 Kf5 42. Bxg7 Ne6 43. Bxh6 Rxc3 44. Rxb6 Rxf3 45. Rb8 Rb3 46. Kf1
Nd4 47. Bf8 Ke4 48. Bc5 Nf5 49. b5 d4 50. b6 d3 51. b7 Kf3 52. Ke1 Rb2 53. Rf8
Rxb7 54. Rxf5+ Ke4 1/2-1/2

[Event "Preferente Aragonesa Grupo B"]
[Site "Aragon"]
[Date "2017.03.11"]
[Round "7.67"]
[White "Lebron Duran, Jose Maria"]
[Black "Castillo Sanjuan, Alejandro"]
[Result "0-1"]
[WhiteElo "1813"]
[BlackElo "2045"]
[PlyCount "66"]
[EventDate "2017.01.28"]
[WhiteTeam "Dr. Azua"]
[BlackTeam "Palacio de Pioneros B"]

1. e4 c5 2. d4 cxd4 3. c3 dxc3 4. Nxc3 Nc6 5. Nf3 d6 6. Bc4 Nf6 7. Qb3 e6 8.
O-O a6 9. Qc2 Be7 10. Rd1 Bd7 11. a3 Qc7 12. Bg5 Ne5 13. Nxe5 dxe5 14. Ba2 Rc8
15. Rac1 b5 16. Qd3 Qb7 17. Bxf6 Bxf6 18. Qe2 O-O 19. Rd3 b4 20. Rcd1 bxc3 21.
Rxd7 Qxb2 22. Qxb2 cxb2 23. Rb7 Rc1 24. Rf1 Rc2 25. Bb1 Rd2 26. Rc7 Bg5 27. Rc2
Rxc2 28. Bxc2 Rc8 29. Bb1 Rc3 30. a4 Ra3 31. Bc2 Bc1 32. Rd1 g6 33. Kf1 Rxa4
0-1

[Event "Preferente Aragonesa Grupo B"]
[Site "Aragon"]
[Date "2017.03.11"]
[Round "7.68"]
[White "Gomez Salinas, Nestor"]
[Black "Garcia Garcia, Enrique"]
[Result "1-0"]
[WhiteElo "1951"]
[BlackElo "1709"]
[PlyCount "133"]
[EventDate "2017.01.28"]
[WhiteTeam "Palacio de Pioneros B"]
[BlackTeam "Dr. Azua"]

1. e4 c5 2. Nf3 d6 3. d4 Nf6 4. Nc3 cxd4 5. Nxd4 a6 6. f3 e5 7. Nb3 Be6 8. Be3
Be7 9. Qd2 Nbd7 10. O-O-O b5 11. g4 Nb6 12. h4 Nc4 13. Bxc4 bxc4 14. Na1 Qa5
15. Kb1 Rb8 16. g5 Qb4 17. b3 Nh5 18. Nd5 Bxd5 19. Qxb4 Rxb4 20. Rxd5 Rb5 21.
Rhd1 O-O 22. Rxb5 axb5 23. c3 Rb8 24. b4 g6 25. Nc2 Nf4 26. Bxf4 exf4 27. Rd5
f6 28. Nd4 fxg5 29. hxg5 Kf7 30. Nxb5 Ke6 31. a4 Rh8 32. Nd4+ Kf7 33. Ne2 h6
34. Nxf4 hxg5 35. Ng2 Rh3 36. a5 g4 37. fxg4 Rxc3 38. a6 Rb3+ 39. Kc2 Rxb4 40.
Ra5 Rb8 41. Ne3 Bd8 42. Ra4 Ra8 43. Nxc4 Ke6 44. Kd3 d5 45. Ne3 dxe4+ 46. Kxe4
Ra7 47. Nd5 Kd6 48. Kd4 Bh4 49. Ra2 Bd8 50. Kc4 Kc6 51. Nb4+ Kb6 52. Re2 Rc7+
53. Kb3 Ka7 54. Re6 Bh4 55. Rxg6 Be1 56. Nd5 Rf7 57. Kc4 Rd7 58. Kc5 Ba5 59.
Kc6 Rf7 60. Kb5 Be1 61. Rc6 Bg3 62. Nb6 Rg7 63. Nc8+ Ka8 64. Rc4 Bf2 65. Rf4
Bg3 66. Rf8 Rg5+ 67. Kb6 1-0

[Event "Preferente Aragonesa Grupo B"]
[Site "Aragon"]
[Date "2017.03.11"]
[Round "7.69"]
[White "Gil Capape, Marco Antonio"]
[Black "Climente Martinez, Jose Luis"]
[Result "0-1"]
[WhiteElo "2110"]
[BlackElo "2056"]
[PlyCount "56"]
[EventDate "2017.01.28"]
[WhiteTeam "Caissa-Hnos Cortes"]
[BlackTeam "Sabiñanigo"]

1. e4 e6 2. d4 d5 3. e5 c5 4. Nf3 Nc6 5. Bd3 cxd4 6. O-O Bc5 7. Nbd2 Nge7 8. a3
a5 9. Re1 Bd7 10. Nf1 Ng6 11. Ng3 Qc7 12. Nh5 Bf8 13. Qe2 h6 14. Bxg6 fxg6 15.
Nf4 g5 16. Ng6 Rg8 17. Nxg5 hxg5 18. Bxg5 Be7 19. Qh5 Bxg5 20. Qxg5 Bc8 21.
Rad1 Qf7 22. Rd3 Qf5 23. Qg3 Bd7 24. b4 axb4 25. axb4 Nxb4 26. Rxd4 Nxc2 27.
Rf4 Nxe1 28. Rxf5 Ra1 0-1

[Event "Preferente Aragonesa Grupo B"]
[Site "Aragon"]
[Date "2017.03.11"]
[Round "7.70"]
[White "Ainsa Claver, Ignacio"]
[Black "Carraminana Lopez, Luis Antoni"]
[Result "1/2-1/2"]
[WhiteElo "1956"]
[BlackElo "1935"]
[PlyCount "105"]
[EventDate "2017.01.28"]
[WhiteTeam "Sabiñanigo"]
[BlackTeam "Caissa-Hnos Cortes"]

1. c4 e5 2. Nc3 Bb4 3. Nd5 Be7 4. g3 Nf6 5. Bg2 c6 6. Nxf6+ Bxf6 7. e4 d6 8.
Ne2 Be6 9. d3 O-O 10. Nc3 Bg5 11. O-O Bxc1 12. Rxc1 c5 13. f4 f6 14. f5 Bf7 15.
g4 Nc6 16. Ne2 a6 17. Qd2 b5 18. b3 Qa5 19. Qxa5 Nxa5 20. h4 Nc6 21. Rc2 Ra7
22. Bf3 bxc4 23. dxc4 Rc8 24. Rd2 Nd4 25. Nxd4 cxd4 26. g5 a5 27. Rg2 Kh8 28.
g6 Be8 29. gxh7 a4 30. h5 axb3 31. axb3 Kxh7 32. Kh1 Rb8 33. Bd1 Bc6 34. Rg4
Ra1 35. Rfg1 Rb7 36. Kh2 Rb1 37. Kh3 Be8 38. Kh4 Rb2 39. R4g2 Rxg2 40. Rxg2 Bc6
41. Bc2 d3 42. Bxd3 Rxb3 43. Rd2 Bb7 44. Kg4 Rc3 45. h6 gxh6 46. Rb2 Ba6 47.
Rb6 Rxd3 48. Rxa6 Rd4 49. Ra7+ Kg8 50. Kh5 Rxe4 51. Kg6 Kf8 52. Kxf6 Kg8 53.
Ra8+ 1/2-1/2

[Event "Preferente Aragonesa Grupo B"]
[Site "Aragon"]
[Date "2017.03.11"]
[Round "7.71"]
[White "Garcia Lopez, Alberto Jose"]
[Black "Garcia Estruch, Jorge"]
[Result "0-1"]
[WhiteElo "1902"]
[BlackElo "1819"]
[PlyCount "54"]
[EventDate "2017.01.28"]
[WhiteTeam "Caissa-Hnos Cortes"]
[BlackTeam "Sabiñanigo"]

1. Nf3 Nf6 2. g3 g6 3. Bg2 Bg7 4. O-O d6 5. d4 O-O 6. c4 Nbd7 7. Nc3 Re8 8. e4
e5 9. d5 Qe7 10. h3 a6 11. Be3 Rb8 12. a4 h6 13. Qd2 Kh7 14. b4 b6 15. Ne1 Bb7
16. Nd3 c6 17. Rae1 cxd5 18. cxd5 Rec8 19. f4 exf4 20. gxf4 Nh5 21. e5 dxe5 22.
fxe5 Nxe5 23. Nxe5 Qxe5 24. Bxh6 Qxc3 25. Rxf7 Qxd2 26. Bxd2 Rc2 27. Bg5 Rxg2+
0-1

[Event "Preferente Aragonesa Grupo B"]
[Site "Aragon"]
[Date "2017.03.11"]
[Round "7.72"]
[White "Escartin Buisan, Francisco Jav"]
[Black "Garcia Lopez, Antonio"]
[Result "1/2-1/2"]
[WhiteElo "1815"]
[BlackElo "1781"]
[PlyCount "94"]
[EventDate "2017.01.28"]
[WhiteTeam "Sabiñanigo"]
[BlackTeam "Caissa-Hnos Cortes"]

1. c4 e5 2. Nc3 Nc6 3. g3 Nf6 4. Bg2 h6 5. e3 Bb4 6. Nge2 O-O 7. O-O d6 8. Nd5
Nxd5 9. cxd5 Ne7 10. a3 Bc5 11. d4 Bb6 12. dxe5 dxe5 13. e4 f5 14. exf5 Nxf5
15. Nc3 Nd4 16. Be3 Bf5 17. Rc1 a6 18. Re1 Qd7 19. Bxd4 Bxd4 20. Rf1 Rf7 21. d6
cxd6 22. Bd5 Be6 23. Qb3 Bxd5 24. Qxd5 Rc8 25. Qb3 Qf5 26. Qc2 Qxc2 27. Rxc2
Rf3 28. Kg2 Rd3 29. Rfc1 Bxc3 30. Rxc3 Rdxc3 31. bxc3 Kf7 32. Kf1 Ke6 33. Ke2
e4 34. a4 b5 35. axb5 axb5 36. Rb1 Rxc3 37. Rxb5 Rc5 38. Rb7 Rg5 39. h4 Rg6 40.
Ke3 Rg4 41. Rb6 Kd5 42. Rb5+ Kc4 43. Rb2 Kd5 44. Rb4 Kc6 45. Rb8 g5 46. hxg5
hxg5 47. Rg8 Kd5 1/2-1/2

[Event "Divison Honor - Titulo"]
[Site "?"]
[Date "2017.03.18"]
[Round "8.2"]
[White "Hefty, Jorge W"]
[Black "Gines Esteo, Pedro Antonio"]
[Result "1/2-1/2"]
[WhiteElo "2369"]
[BlackElo "2325"]
[PlyCount "22"]
[EventDate "2017.02.25"]
[WhiteTeam "IberCaja"]
[BlackTeam "Jaque"]

1. e4 c5 2. Nf3 e6 3. d4 cxd4 4. Nxd4 Nf6 5. Nc3 Nc6 6. Nxc6 bxc6 7. Bd3 d5 8.
O-O Be7 9. Qe2 O-O 10. b3 a5 11. Bb2 Qb6 1/2-1/2

[Event "Divison Honor - Titulo"]
[Site "?"]
[Date "2017.03.18"]
[Round "8.3"]
[White "Ereza Vizcarra, Fernando"]
[Black "Martinez Cebolla, Alberto"]
[Result "1/2-1/2"]
[WhiteElo "1981"]
[BlackElo "2045"]
[PlyCount "22"]
[EventDate "2017.02.25"]
[WhiteTeam "Jaque"]
[BlackTeam "IberCaja"]

1. d4 Nf6 2. Nf3 e6 3. Bf4 b6 4. e3 Bb7 5. Nbd2 d5 6. Bd3 Bd6 7. Bg3 c5 8. c3
Nc6 9. Ne5 Bxe5 10. dxe5 Nd7 11. f4 Qe7 1/2-1/2

[Event "Divison Honor - Titulo"]
[Site "?"]
[Date "2017.03.18"]
[Round "8.4"]
[White "Torcal Miguel, Oscar"]
[Black "Escartin Lacasa, Jose"]
[Result "1/2-1/2"]
[WhiteElo "1980"]
[BlackElo "1974"]
[PlyCount "83"]
[EventDate "2017.02.25"]
[WhiteTeam "IberCaja"]
[BlackTeam "Jaque"]

1. e4 d6 2. d4 Nf6 3. Nc3 e5 4. Nf3 Nbd7 5. Bc4 Be7 6. O-O O-O 7. Re1 c6 8. a4
b6 9. d5 cxd5 10. Nxd5 Bb7 11. c3 Rc8 12. Ba2 Nc5 13. Nxf6+ Bxf6 14. Bd5 Qd7
15. a5 b5 16. h3 a6 17. Nh2 Bxd5 18. Qxd5 Qc6 19. Qxc6 Rxc6 20. f3 Nb3 21. Ra3
Nxc1 22. Rxc1 Bg5 23. Rd1 Be3+ 24. Kf1 Bc5 25. b4 Ba7 26. Ke2 Rfc8 27. Rd3 Kf8
28. Nf1 Ke7 29. Nd2 Ke6 30. Nb1 f5 31. exf5+ Kxf5 32. Ra2 Ke6 33. Rad2 Rd8 34.
Rd5 Bd4 35. R5xd4 exd4 36. Rxd4 Rc4 37. Rxc4 bxc4 38. Na3 Kd5 39. Kf2 h5 40. h4
Rc8 41. Ke3 Ke5 42. Nc2 1/2-1/2

[Event "Divison Honor - Titulo"]
[Site "?"]
[Date "2017.03.18"]
[Round "8.5"]
[White "Garza Marco, Sergio"]
[Black "Forcen Esteban, Daniel"]
[Result "0-1"]
[WhiteElo "2398"]
[BlackElo "2541"]
[PlyCount "92"]
[EventDate "2017.02.25"]
[WhiteTeam "Helios"]
[BlackTeam "IberCaja"]

1. d4 d5 2. c4 e6 3. Nc3 c6 4. e3 f5 5. g4 Nf6 6. gxf5 exf5 7. Nf3 Be6 8. Qb3
Qb6 9. Qc2 g6 10. Ne5 Nbd7 11. Nxd7 Kxd7 12. Bd2 dxc4 13. O-O-O Bd5 14. Rg1 Re8
15. Be2 Kc8 16. Kb1 Ne4 17. Be1 Bb4 18. Ka1 Bxc3 19. bxc3 Qa5 20. f3 Nf6 21.
Qd2 Re6 22. Bg3 Rhe8 23. Bf4 b5 24. Rde1 Nd7 25. Bd1 Nb6 26. Bg3 Qa3 27. Be5
Nd7 28. e4 fxe4 29. fxe4 Rxe5 30. dxe5 Be6 31. Qb2 Qa5 32. Rg5 Rf8 33. Reg1 Nc5
34. Bc2 Rf2 35. Qb4 Qxb4 36. cxb4 Rxc2 37. bxc5 Re2 38. R1g2 Rxe4 39. Kb2 b4
40. Kc2 Kd7 41. Rd2+ Ke7 42. Rd6 Re2+ 43. Kb1 c3 44. Rxc6 Bxa2+ 45. Kc1 Bb3 46.
Rg1 Ra2 0-1

[Event "Divison Honor - Titulo"]
[Site "?"]
[Date "2017.03.18"]
[Round "8.6"]
[White "Ramiro Ovejero, Juan Luis"]
[Black "Guzman Moneo, Alberto"]
[Result "1-0"]
[WhiteElo "2386"]
[BlackElo "2219"]
[PlyCount "111"]
[EventDate "2017.02.25"]
[WhiteTeam "IberCaja"]
[BlackTeam "Helios"]

1. e4 g6 2. d4 Bg7 3. Nf3 d6 4. Be2 a6 5. O-O b5 6. a4 b4 7. c3 a5 8. cxb4 axb4
9. Nbd2 Nd7 10. Nb3 Ngf6 11. e5 Nd5 12. e6 fxe6 13. Ng5 N7f6 14. Bb5+ Kf8 15.
Re1 h6 16. Nxe6+ Bxe6 17. Rxe6 Qc8 18. Re1 Kf7 19. Qc2 e6 20. Bd2 Rf8 21. Re2
c6 22. Qxc6 Qxc6 23. Bxc6 Rac8 24. Bb5 Rc2 25. Rb1 Ra8 26. a5 Ne8 27. Bd3 Rcc8
28. Ree1 Nec7 29. Rec1 e5 30. Rc6 Ne7 31. Rxd6 exd4 32. Bc4+ Kf8 33. Nxd4 Rxa5
34. Nc6 Rc5 35. Nxe7 Kxe7 36. Rxg6 Rxc4 37. Rxg7+ Kf6 38. Rh7 Ne6 39. Rxh6+ Kf7
40. h3 Nd4 41. Rb6 Nc6 42. Rc1 Rxc1+ 43. Bxc1 Ne5 44. Bd2 Nd3 45. Rd6 Nxb2 46.
Bxb4 Rc1+ 47. Kh2 Nd1 48. Rd2 Kg6 49. g4 Rb1 50. Bc5 Nc3 51. f3 Rb5 52. Bd4 Nd5
53. Kg3 Rb3 54. h4 Nb4 55. h5+ Kg5 56. Rb2 1-0

[Event "Divison Honor - Titulo"]
[Site "?"]
[Date "2017.03.18"]
[Round "8.7"]
[White "Cerrajeria Ruiz, Jesus Maria"]
[Black "Quintin Navarro, Alberto"]
[Result "0-1"]
[WhiteElo "2187"]
[BlackElo "2367"]
[PlyCount "72"]
[EventDate "2017.02.25"]
[WhiteTeam "Helios"]
[BlackTeam "Jaime Casas"]

1. g3 c5 2. Bg2 Nc6 3. e4 g6 4. f4 Bg7 5. Nc3 d6 6. Nf3 Nf6 7. d3 O-O 8. O-O
Rb8 9. a4 a6 10. h3 b5 11. axb5 axb5 12. g4 b4 13. Ne2 Qb6 14. Be3 Bxg4 15.
hxg4 Nxg4 16. Bc1 c4+ 17. d4 e5 18. c3 Rfe8 19. fxe5 dxe5 20. Bg5 h6 21. Bh3
hxg5 22. Bxg4 exd4 23. Nexd4 Nxd4 24. Nxd4 Rxe4 25. Bf3 Bxd4+ 26. Kg2 Rh4 27.
cxd4 Qd6 28. Rf2 g4 29. Bb7 g3 30. Rd2 Qf4 31. Re2 Kg7 32. Kg1 Re8 33. Qd2 Rxe2
34. Qxe2 Qxd4+ 35. Kf1 Rf4+ 36. Bf3 g5 0-1

[Event "Divison Honor - Titulo"]
[Site "?"]
[Date "2017.03.18"]
[Round "8.8"]
[White "Fontana Sotomayor, Luis Javier"]
[Black "Calvo Simon, Jorge"]
[Result "1-0"]
[WhiteElo "2251"]
[BlackElo "2142"]
[PlyCount "88"]
[EventDate "2017.02.25"]
[WhiteTeam "Jaime Casas"]
[BlackTeam "Helios"]

1. d4 Nf6 2. Bf4 g6 3. e3 Bg7 4. Nf3 d6 5. Be2 O-O 6. h3 c5 7. c3 b6 8. Nbd2
Bb7 9. O-O Nbd7 10. Bh2 Qc7 11. a4 cxd4 12. exd4 Bh6 13. Re1 Nh5 14. Bf1 Rae8
15. Ne4 Nf4 16. a5 bxa5 17. Neg5 Bxf3 18. Nxf3 Qb7 19. Bxf4 Bxf4 20. Qa4 Nf6
21. Qxa5 Qxb2 22. Ra2 Qb3 23. Ra3 Qc2 24. Ra2 Qb3 25. Bd3 e6 26. Rb1 Qd5 27. c4
Qc6 28. Qa6 Qxa6 29. Rxa6 d5 30. c5 Bb8 31. Rb7 Rc8 32. Ne5 Bxe5 33. dxe5 Ne8
34. c6 f6 35. f4 fxe5 36. fxe5 Nc7 37. Raxa7 Rf7 38. Kh2 Re7 39. Kg3 Kf7 40.
Kf4 Ra8 41. Rxa8 Nxa8 42. Ke3 Nc7 43. Kd4 h5 44. h4 Ke8 1-0

[Event "Divison Honor - Titulo"]
[Site "?"]
[Date "2017.03.18"]
[Round "8.9"]
[White "Adla, Diego"]
[Black "Gavin Roche, Enrique"]
[Result "1-0"]
[WhiteElo "2398"]
[BlackElo "2261"]
[PlyCount "73"]
[EventDate "2017.02.25"]
[WhiteTeam "St. Casablanca"]
[BlackTeam "ONCE C.A. Aragon"]

1. d4 d5 2. c4 e6 3. Nc3 Nf6 4. cxd5 exd5 5. Bg5 Be7 6. e3 O-O 7. Bd3 Re8 8.
Qc2 h6 9. Bh4 c5 10. Nge2 Nc6 11. dxc5 d4 12. Bxf6 Bxf6 13. O-O-O Qa5 14. Nxd4
Bg4 15. f3 Nb4 16. Qd2 Qxc5 17. Kb1 Nxd3 18. Qxd3 Be6 19. Ne4 Qe7 20. Nxe6 Qxe6
21. Qd6 Qf5 22. Qd5 Be5 23. h4 Rac8 24. Rhf1 Qg6 25. g4 Qb6 26. Qb3 Re6 27.
Qxb6 Rxb6 28. Rf2 g6 29. g5 h5 30. Re2 Rc4 31. a3 Rb3 32. Ka2 Rb5 33. Rd8+ Kh7
34. Re8 a5 35. Rd2 a4 36. Rxe5 Rxe5 37. Nf6+ 1-0